| 000 | 00440nam a2200193Ia 4500 | ||
|---|---|---|---|
| 005 | 20240823052714.0 | ||
| 008 | 240823s9999||||xx |||||||||||||| ||und|| | ||
| 020 | _a81-8388-098-3 | ||
| 041 | _aENGLISH | ||
| 082 | _A920 Q0 | ||
| 100 | _aJyotsna Bharti | ||
| 245 | 0 | _aGeorge Washington A Biography | |
| 250 | _a1st | ||
| 260 |
_c2010 _bSpider |
||
| 500 | _aDISPLAY | ||
| 650 |
_aBiography _bGeneral |
||
| 942 | _cBK | ||
| 999 |
_c222496 _d222496 |
||